| 000 | 01144cam a22003373a 4500 | ||
|---|---|---|---|
| 001 | 34117 | ||
| 003 | PGUSA | ||
| 005 | 20140828083733.0 | ||
| 008 | 101023s2010||||xxu|||||s|||||000 p eng d | ||
| 040 |
_aPGUSA _beng |
||
| 042 | _adc | ||
| 050 | 4 | _aPR | |
| 100 | 1 |
_aChambers, R. W. _q(Raymond Wilson), _d1874-1942 |
|
| 245 | 1 | 0 |
_aBeowulf : _bAn Introduction to the Study of the Poem with a Discussion of the Stories of Offa and Finn _h[electronic resource] / _cR. W. Chambers |
| 260 |
_bProject Gutenberg, _c2010 |
||
| 506 | _aPublic domain in the USA. | ||
| 516 | _aElectronic text | ||
| 653 | _aDragons in literature | ||
| 653 | _aOffa saga | ||
| 653 | _aAnglo-Saxons -- Kings and rulers | ||
| 653 | _aFight at Finnesburg (Anglo-Saxon poem) | ||
| 653 | _aMonsters in literature | ||
| 653 | _aBeowulf | ||
| 653 | _aEpic poetry, English (Old) -- History and criticism | ||
| 653 | _aHeroes in literature | ||
| 653 | _aOffa, King of the Mercians, d. 796 -- In literature | ||
| 653 | _aMercia (Kingdom) -- In literature | ||
| 830 | 0 |
_aProject Gutenberg _v34117 |
|
| 856 | 4 | 0 | _uhttp://www.gutenberg.org/ebooks/34117 |
| 942 | _cEB | ||
| 999 |
_c263372 _d263372 |
||